banner koha

Ocorrencia de nematoides do genero Meloidogyne Goeldi, 1887 (Nematoda, Heteroderidae)em algumas plantas cultivadas do estado do Parana, Brasil [algodao, Gossypium hirsutum, anturio, Anthurium sp., banana, Musa cavendishii, batata, Solanum tuberosum, mandioquinha-salsa, Arracacia xanthorrhiza, bracatinga, Mimosa scabrella, cafe, coffea arabica, cenoura, Daucus carota, chuchu, Sechium edule, feijao, Phaseolus vulgaris, hortensia, Hydrangea hortensia, grevilea, Grevillea robusta, ipe amarelo, Tabebuia sp., ligustro, Ligustrum sp., pepino, Cucumis sativus, soja, Glycine max, timbo, Ateleia glazioveana, tomate, Lycopersicum esculentum]] (Registro n. 114468)

MARC details
000 -LÍDER
campo de controle de tamanho fixo 02270nas a2200433 4500
001 - NÚMERO DE CONTROLE
campo de controle BR8401806
003 - IDENTIFICADOR DO NÚMERO DE CONTROLE
campo de controle BR-BrBNA
005 - DATA E HORÁRIO DA ÚLTIMA TRANSAÇÃO
campo de controle 20231205085857.0
007 - CAMPO FIXO DE DESCRIÇÃO FÍSICA--INFORMAÇÃO GERAL
campo de controle de tamanho fixo ta
008 - CAMPO DE DADOS FIXOS--INFORMAÇÃO GERAL
campo de controle de tamanho fixo 230509b bl.|||p| |||| 00| 00por d
040 ## - FONTE DA CATALOGAÇÃO
Instituição da catalogação original BR-BrBNA
Idioma da catalogação por
Instituição que transcreveu o registro Biblioteca Nacional de Agricultura
041 ## - CÓDIGO DE IDIOMA
Código do idioma do texto/trilha sonora ou título diferente (Pt)
072 ## - CÓDIGO DE CATEGORIA DE ASSUNTO
Código de Categoria de Assunto H10
100 1# - ENTRADA PRINCIPAL--NOME PESSOAL
Nome pessoal Santos, B.
100 1# - ENTRADA PRINCIPAL--NOME PESSOAL
Nome pessoal Silva, L.A.T. da
245 1# - TÍTULO
Título Ocorrencia de nematoides do genero Meloidogyne Goeldi, 1887 (Nematoda, Heteroderidae)em algumas plantas cultivadas do estado do Parana, Brasil [algodao, Gossypium hirsutum, anturio, Anthurium sp., banana, Musa cavendishii, batata, Solanum tuberosum, mandioquinha-salsa, Arracacia xanthorrhiza, bracatinga, Mimosa scabrella, cafe, coffea arabica, cenoura, Daucus carota, chuchu, Sechium edule, feijao, Phaseolus vulgaris, hortensia, Hydrangea hortensia, grevilea, Grevillea robusta, ipe amarelo, Tabebuia sp., ligustro, Ligustrum sp., pepino, Cucumis sativus, soja, Glycine max, timbo, Ateleia glazioveana, tomate, Lycopersicum esculentum]]
246 1# - FORMA VARIANTE DO TÍTULO
Título/título abreviado Occurence of nematodes of the genus Meloidogyne Goeldi, 1887 (Nematoda, Heteroderidae)an some plants cultivated in the State of Parana, Brazil [cotton, Gossypium hirsutum, Anthurium sp., Musa cavendishii, potato, Solanum tuberosum, arracacha a, Arracacia xanthorrhiza, bracatinga, Mimosa scabrella, coffee, Coffea arabica, carrot, Daucus carota, chayote, Sechium edule, bean, Phaseolus vulgaris, Hydrangea, Hydrangea hortensia, silk oak, Grevillea robusta, tabebuia, Tabebuia sp., privet, Ligustrum sp., cucumber, Cucumis sativus, Soybean, Glycine max, liana, Ateleia glazioveana, tomato, Lycopersicum esculentum]]
650 ## - ASSUNTO--TERMO TÓPICO
Cabeçalho tópico ou nome geográfico NEMATOIDE
650 ## - ASSUNTO--TERMO TÓPICO
Cabeçalho tópico ou nome geográfico ALGODAO
650 ## - ASSUNTO--TERMO TÓPICO
Cabeçalho tópico ou nome geográfico ANTURIO
650 ## - ASSUNTO--TERMO TÓPICO
Cabeçalho tópico ou nome geográfico BANANA
650 ## - ASSUNTO--TERMO TÓPICO
Cabeçalho tópico ou nome geográfico BATATA
650 ## - ASSUNTO--TERMO TÓPICO
Cabeçalho tópico ou nome geográfico MANDIOQUINHA-SALSA
650 ## - ASSUNTO--TERMO TÓPICO
Cabeçalho tópico ou nome geográfico BRACATINGA
650 ## - ASSUNTO--TERMO TÓPICO
Cabeçalho tópico ou nome geográfico CAFE
650 ## - ASSUNTO--TERMO TÓPICO
Cabeçalho tópico ou nome geográfico CENOURA
650 ## - ASSUNTO--TERMO TÓPICO
Cabeçalho tópico ou nome geográfico CHUCHU
650 ## - ASSUNTO--TERMO TÓPICO
Cabeçalho tópico ou nome geográfico FEIJAO
650 ## - ASSUNTO--TERMO TÓPICO
Cabeçalho tópico ou nome geográfico HORTENSIA
650 ## - ASSUNTO--TERMO TÓPICO
Cabeçalho tópico ou nome geográfico IPE AMARELO
650 ## - ASSUNTO--TERMO TÓPICO
Cabeçalho tópico ou nome geográfico PEPINO
650 ## - ASSUNTO--TERMO TÓPICO
Cabeçalho tópico ou nome geográfico SOJA
650 ## - ASSUNTO--TERMO TÓPICO
Cabeçalho tópico ou nome geográfico TIMBO
650 ## - ASSUNTO--TERMO TÓPICO
Cabeçalho tópico ou nome geográfico TOMATE
650 ## - ASSUNTO--TERMO TÓPICO
Cabeçalho tópico ou nome geográfico PARANÁ
773 0# - ENTRADA ANALÍTICA
Título Revista de Agricultura (Brazil)
ISSN - International Standard Serial Number ISSN 0034-7655
Partes relacionadas (Mar 1984), v. 59(1) p. 21-26
Número de controle do registro BR8401806
909 ## -
-- 202311
-- Lúcia
-- 55
-- Lúcia Elande
942 ## - ELEMENTOS DE ENTRADA ADICIONADOS (KOHA)
Fonte da classificação ou esquema de arquivamento na estante Classificação AGRIS
Ocultar no OPAC Não
Tipo de material Koha Analítica
Exemplares
Situação do descarte Fonte da classificação ou esquema de arquivamento na estante Situação física Não pode ser emprestado Biblioteca de origem Biblioteca atual Localização na estante Enumeração do periódico / cronologia Total de empréstimos Data de último acesso Número do exemplar Tipo de material Koha Fonte de aquisição
  Classificação AGRIS   Consulta local Biblioteca Nacional de Agricultura - Binagri Biblioteca Nacional de Agricultura - Binagri   (Mar 1984), v. 59(1) p. 21-26   29/11/2023 01 Periódicos Portaria Interministerial nº 164/94

BINAGRI

Telefone: (61)3218-2567/2388/3357/2097 - binagri@agro.gov.br

Ministério da Agricultura e Pecuária , Esplanada dos Ministérios, Bloco D, Anexo B, Brasília/DF, CEP: 70.043-900